[Event "OPEN 2026"]
[Site "SAINT DENIS LA REUNION"]
[Date "2026.01.10"]
[Round "3.5"]
[Board "5"]
[White "Mezouaghi, Miloud"]
[Black "Hasnaoui, Ghannia"]
[Result "1-0"]
[WhiteElo "1955"]
[BlackElo "1399"]
[Annotator "thier"]
[PlyCount "68"]
[GameId "2265148994326725"]
[EventDate "2026.??.??"]
[WhiteTeam "Echiquier du Lagon - Ass Ecole du Lagon"]
[BlackTeam "Club d'Echecs Labourdonnais"]

{[%evp 0,68,19,29,87,70,84,86,81,80,93,98,98,66,167,147,117,122,153,129,150,146,111,146,102,127,109,115,94,100,80,68,68,68,59,33,90,75,88,88,97,104,114,54,105,105,112,112,281,339,348,375,351,377,379,431,492,499,655,677,680,637,637,673,934,873,918,650,664,569,992]} 1. e4 g6 2. d4 d6 3. Nc3 Bg7 4. h3 Nd7 5. Nf3 e5 6. Bc4 Nh6 7. Bg5 f6 8. Be3 a6 9. a4 Qe7 10. O-O Nb6 11. Ba2 Be6 12. Bxe6 Qxe6 13. a5 Nd7 14. Qd2 Nf7 15. Ra4 O-O 16. Rb4 Rab8 17. dxe5 dxe5 18. Qd5 Qxd5 19. Nxd5 c5 20. Rb3 Nd6 21. Nd2 c4 22. Rb4 Rfd8 23. f3 b5 24. axb6 a5 25. Ra4 Bf8 26. Rxa5 Rb7 27. Rfa1 Nc8 28. Nxc4 Nb8 29. Nxf6+ Kg7 30. Nd5 Nc6 31. Ra8 Nd4 32. Bxd4 exd4 33. Kf2 Nxb6 34. Rxd8 Bc5 {partie non cohérente sur la feuille de partie, derniers coups} 1-0

[Event "OPEN 2026"]
[Site "SAINT DENIS LA REUNION"]
[Date "2026.01.10"]
[Round "3.6"]
[Board "6"]
[White "Ramsamy, Alexandre"]
[Black "Frelicot, Eric"]
[Result "1-0"]
[WhiteElo "1961"]
[BlackElo "1709"]
[Annotator "thier"]
[PlyCount "115"]
[GameId "2265159793238462"]
[EventDate "2026.??.??"]
[WhiteTeam "Les Fous de Sin Dni"]
[BlackTeam "Maison des Jeunes et de la Culture de St Benoit"]

{[%evp 0,115,19,38,65,59,59,47,61,40,42,36,57,-14,-26,-26,-14,-31,6,6,28,23,61,60,55,42,72,19,21,7,0,2,10,12,33,36,50,-1,-3,-2,36,29,61,51,51,48,57,0,119,67,67,74,66,77,53,82,119,64,106,110,118,104,113,103,104,21,96,64,76,76,121,75,75,73,96,79,137,91,71,73,166,52,78,23,55,24,72,23,309,309,181,159,159,165,165,173,146,130,189,189,166,166,1002,1002,1012,1012,1122,1580,1708,29976,29977,29978,29977,29978,29989,29990,29991,29992]} 1. e4 c6 2. d4 d5 3. exd5 cxd5 4. Nf3 Nc6 5. Bb5 a6 6. Ba4 b5 7. Bb3 Nf6 8. Ne5 Na5 9. O-O Nxb3 10. axb3 g6 11. Nc3 Bb7 12. Re1 Bg7 13. Bf4 O-O 14. f3 Nd7 15. Na2 Nxe5 16. Bxe5 Bxe5 17. Rxe5 e6 18. Nb4 Qb6 19. c3 a5 20. Nd3 b4 21. Nc5 Bc6 22. c4 Rad8 23. h4 a4 24. Nxa4 Bxa4 25. c5 Bxb3 26. Qxb3 Qb5 27. h5 Qd7 28. Ra6 Ra8 29. Rxa8 Rxa8 30. Qxb4 Qe7 31. hxg6 hxg6 32. Qe1 Qb7 33. Re2 Ra4 34. Rd2 Qc7 35. g3 Qa5 36. Qe2 Qb4 37. Kg2 Ra1 38. Qd3 Kf8 39. Qe2 Rb1 40. g4 Ke7 41. f4 Rc1 42. f5 gxf5 43. gxf5 Rc4 44. Qe3 Qb8 45. Qg5+ Kd7 46. fxe6+ fxe6 47. Qg7+ Kc6 48. Qf7 Qc8 49. b3 Rc3 50. Re2 Rxb3 51. Rxe6+ Kb5 52. Qf1+ Kb4 53. Rb6+ Kc3 54. Qf3+ Kxd4 55. Rxb3 Qg8+ 56. Kf2 Kxc5 57. Qc3+ Kd6 58. Rb6+ 1-0

[Event "OPEN 2026"]
[Site "SAINT DENIS LA REUNION"]
[Date "2026.01.10"]
[Round "3.7"]
[Board "7"]
[White "Lutard, Florian"]
[Black "Antier, Gilbert"]
[Result "1-0"]
[WhiteElo "2067"]
[BlackElo "1507"]
[PlyCount "92"]
[GameId "2265145984585897"]
[EventDate "2026.??.??"]
[WhiteTeam "Le Petit Cavalier"]
[BlackTeam "La Tour Saint Pierroise"]

1. e4 e6 2. d4 d5 3. Nd2 dxe4 4. Nxe4 Nd7 5. Nf3 Ngf6 6. Nxf6+ Nxf6 7. g3 Be7 8. Bg2 O-O 9. O-O c6 10. c3 Re8 11. Qc2 Bd7 12. Ne5 Qc7 13. Bg5 Rad8 14. a4 Bc8 15. a5 c5 16. Qa4 cxd4 17. cxd4 Nd5 18. Rac1 Qd6 19. Bxe7 Nxe7 20. Rfd1 Nd5 21. Rc5 b6 22. axb6 axb6 23. Rc6 Bd7 24. Nxd7 Qxd7 25. Qc4 Rc8 26. Rc1 Rxc6 27. Qxc6 Qxc6 28. Rxc6 g6 29. Bxd5 exd5 30. Rxb6 Re1+ 31. Kg2 Rd1 32. Rb4 Rd2 33. Kf3 Rc2 34. h4 f5 35. Rb7 h6 36. b4 g5 37. hxg5 hxg5 38. Rd7 Rc4 39. Rxd5 Rxb4 40. Rxf5 Rxd4 41. Rxg5+ Kf7 42. Re5 Kf6 43. Re4 Rd5 44. g4 Rg5 45. Ra4 Rc5 46. Kf4 Re5 1-0

[Event "OPEN 2026"]
[Site "SAINT DENIS LA REUNION"]
[Date "2026.01.10"]
[Round "3.8"]
[Board "8"]
[White "Gretry, Patrice"]
[Black "Leclerc, Lucas"]
[Result "1-0"]
[WhiteElo "1913"]
[BlackElo "1494"]
[PlyCount "59"]
[GameId "2265118736269349"]
[EventDate "2026.??.??"]
[WhiteTeam "Reunion Echecs Nomades"]
[BlackTeam "La Tour Saint Pierroise"]

1. d4 d5 2. Nf3 e6 3. Bf4 Nf6 4. e3 Be7 5. Bd3 O-O 6. Nbd2 b6 7. c3 Bb7 8. h3 Nbd7 9. g4 c5 10. Ne5 Nxe5 11. Bxe5 c4 12. Bc2 Bd6 13. g5 Bxe5 14. dxe5 Nd7 15. Nf3 d4 16. exd4 Bxf3 17. Qxf3 Qxg5 18. Qc6 Rfd8 19. Qxc4 Qg2 20. O-O-O Qxf2 21. Qd3 g6 22. Rdf1 Qh4 23. Qf3 Qh6+ 24. Kb1 Rf8 25. h4 f6 26. Qc6 Rad8 27. Qxe6+ Kg7 28. exf6+ Kh8 29. f7 Qg7 30. h5 1-0

[Event "OPEN 2026"]
[Site "SAINT DENIS LA REUNION"]
[Date "2026.01.10"]
[Round "3.9"]
[Board "9"]
[White "Lai-Cheung-Kit, Guillaume"]
[Black "Dace, Jean Emeric"]
[Result "1/2-1/2"]
[WhiteElo "1467"]
[BlackElo "1799"]
[PlyCount "57"]
[GameId "2265135999889445"]
[EventDate "2026.??.??"]
[WhiteTeam "Club Echiquier du Nord"]
[BlackTeam "Echiquier du Lagon - Ass Ecole du Lagon"]

1. e4 e6 2. d4 d5 3. exd5 exd5 4. c4 Nf6 5. Nf3 Bb4+ 6. Bd2 Bxd2+ 7. Nbxd2 O-O 8. Qc2 Re8+ 9. Ne5 Nc6 10. O-O-O Nxd4 11. Qc3 c5 12. Ndf3 Ne4 13. Qe3 Nxf3 14. Rxd5 Qa5 15. Qxf3 Nf6 16. Bd3 Be6 17. Rd6 Qc7 18. Rd1 Rad8 19. Rxd8 Rxd8 20. Qe3 Re8 21. f4 b5 22. b3 bxc4 23. Bxc4 Bxc4 24. bxc4 Qb7 25. Qxc5 Rb8 26. Qd4 Qb1+ 27. Kd2 Qxa2+ 28. Ke1 h6 29. Qd2 1/2-1/2

[Event "OPEN 2026"]
[Site "SAINT DENIS LA REUNION"]
[Date "2026.01.10"]
[Round "3.10"]
[Board "10"]
[White "Desire, Michael"]
[Black "Khantalina, Ilariya"]
[Result "1-0"]
[WhiteElo "1777"]
[BlackElo "1488"]
[PlyCount "77"]
[GameId "2265153612734792"]
[EventDate "2026.??.??"]
[WhiteTeam "Jeu d'Echecs Dann Trois Bassins"]
[BlackTeam "Club Echiquier du Nord"]

1. d4 d5 2. c4 e6 3. Nc3 Nf6 4. Bf4 c6 5. Nf3 Bd6 6. Ne5 h6 7. e3 Qc7 8. Rc1 O-O 9. Qf3 Nbd7 10. Nxd7 Nxd7 11. cxd5 Bxf4 12. exf4 cxd5 13. Bd3 a6 14. O-O Qb6 15. f5 Qxd4 16. Rfd1 Qf6 17. Qh3 Ne5 18. Bb1 Nc6 19. Ne2 Qxb2 20. Nf4 Qe5 21. Nh5 exf5 22. f4 Qe6 23. Rc3 Nd4 24. Rcd3 Nb5 25. Rxd5 Qb6+ 26. Kh1 Be6 27. Re5 Rfd8 28. Rde1 Nd6 29. Qg3 g6 30. Rxe6 Qd4 31. Rxg6+ fxg6 32. Qxg6+ Kh8 33. Qxh6+ Kg8 34. Bc2 Rac8 35. Bb3+ Nc4 36. Qg6+ Kf8 37. Nf6 Ne5 38. Nh7+ Ke7 39. Qe6# 1-0

[Event "OPEN 2026"]
[Site "SAINT DENIS LA REUNION"]
[Date "2026.01.10"]
[Round "3.11"]
[Board "11"]
[White "Mansard, Gregoire"]
[Black "Bigot, Antoine"]
[Result "1-0"]
[WhiteElo "1651"]
[BlackElo "1447"]
[PlyCount "67"]
[GameId "2265145229717659"]
[EventDate "2026.??.??"]
[WhiteTeam "Club Echiquier du Nord"]
[BlackTeam "Le Petit Cavalier"]

1. d4 d5 2. c4 e6 3. Nc3 Nf6 4. Bg5 Be7 5. e3 Nbd7 6. Nf3 b6 7. cxd5 exd5 8. Be2 Bb7 9. O-O O-O 10. Qb3 Re8 11. Rac1 Rc8 12. Nb5 Ba6 13. Nxa7 Ra8 14. Nc6 Qc8 15. Bxa6 Rxa6 16. Nfe5 h6 17. Nxd7 Qxd7 18. Nxe7+ Qxe7 19. Bxf6 Qxf6 20. Rxc7 Qd6 21. Rfc1 Raa8 22. a3 Reb8 23. Qb5 Rd8 24. Qc6 b5 25. Qxd6 Rxd6 26. Rc8+ Rxc8 27. Rxc8+ Kh7 28. Rc5 Ra6 29. Rxb5 Rd6 30. Kf1 Kg6 31. a4 f6 32. a5 Ra6 33. Rxd5 Rc6 34. Rc5 1-0

[Event "OPEN 2026"]
[Site "SAINT DENIS LA REUNION"]
[Date "2026.01.10"]
[Round "3.12"]
[Board "12"]
[White "Hoareau, Cassandre"]
[Black "Larroque, Leo"]
[Result "1/2-1/2"]
[WhiteElo "1422"]
[BlackElo "1587"]
[PlyCount "83"]
[GameId "2265141135888496"]
[EventDate "2026.??.??"]
[WhiteTeam "Le Petit Cavalier"]
[BlackTeam "Club Echiquier du Nord"]

1. e4 c5 2. c3 Nf6 3. e5 Nd5 4. d4 cxd4 5. cxd4 Nc6 6. Nf3 d6 7. Bc4 Nb6 8. Bb5 a6 9. Bxc6+ bxc6 10. O-O Bg4 11. Nc3 dxe5 12. dxe5 Qxd1 13. Rxd1 Bxf3 14. gxf3 e6 15. Bf4 Nd5 16. Nxd5 cxd5 17. Rac1 Kd7 18. Rc3 Be7 19. Rdc1 Rhc8 20. Rxc8 Rxc8 21. Rxc8 Kxc8 22. Kf1 Kc7 23. Ke2 Kc6 24. Kd3 Kb5 25. Kc3 Bb4+ 26. Kd3 h6 27. Be3 Bc5 28. Bxc5 Kxc5 29. a3 a5 30. b3 f6 31. f4 f5 32. h4 h5 33. f3 g6 34. Kc3 Kb5 35. Kd4 Kc6 36. Kc3 Kc5 37. Kd3 d4 38. Kc2 Kb5 39. Kd3 Kc5 40. Kc2 Kd5 41. Kd3 Kc5 42. Kc2 1/2-1/2

[Event "OPEN 2026"]
[Site "SAINT DENIS LA REUNION"]
[Date "2026.01.10"]
[Round "3.13"]
[Board "13"]
[White "Minatchy, Rayan"]
[Black "Krafft, Alice"]
[Result "1-0"]
[WhiteElo "1559"]
[BlackElo "1424"]
[PlyCount "53"]
[GameId "2265165851767348"]
[EventDate "2026.??.??"]
[WhiteTeam "Le Petit Cavalier"]
[BlackTeam "Club Echiquier du Nord"]

{[%evp 0,53,19,31,32,13,54,57,66,47,76,49,30,5,32,29,46,44,44,23,66,16,23,6,50,69,89,81,158,89,91,94,106,60,177,178,190,190,199,153,157,151,200,195,256,183,416,424,430,446,489,461,458,452,452,429]} 1. d4 d5 2. Bf4 c5 3. e3 Nf6 4. Nf3 a6 5. c3 Nc6 6. Bd3 e6 7. O-O h6 8. Nbd2 Be7 9. Ne5 O-O 10. Bg3 Qe8 11. f4 h5 12. h3 cxd4 13. exd4 Bd6 14. Bh2 Ne7 15. g4 g6 16. Kf2 Bxe5 17. fxe5 Nh7 18. gxh5 Kh8 19. Ke1 Bd7 20. hxg6 Nxg6 21. Qh5 Rg8 22. Bf4 Qe7 23. Nf3 Rg7 24. Bg5 Qf8 25. Bf6 Kg8 26. Bxg7 Qxg7 {suite illisible 1-0 en 60 ou 65 coups selon les feuilles} 27. Rg1 1-0

[Event "OPEN 2026"]
[Site "SAINT DENIS LA REUNION"]
[Date "2026.01.10"]
[Round "3.14"]
[Board "14"]
[White "Pajamalepadeatchy, Shivany"]
[Black "Tsang Chan Chung, Jean Edouard"]
[Result "0-1"]
[WhiteElo "1299"]
[BlackElo "1556"]
[Annotator "thier"]
[PlyCount "66"]
[GameId "2265136829792342"]
[EventDate "2026.??.??"]
[WhiteTeam "Le Petit Cavalier"]
[BlackTeam "Club Echiquier du Nord"]

{[%evp 0,66,19,38,46,52,77,62,58,30,26,17,55,42,63,21,35,-293,-306,-319,-328,-342,-356,-365,-372,-378,-378,-410,-410,-377,-397,-454,-383,-539,-544,-563,-565,-671,-527,-755,-500,-511,-511,-518,-518,-524,-564,-748,-769,-955,-605,-850,-633,-633,-633,-627,-621,-754,-746,-29997,-1553,-1553,-1595,-1595,-1224,-29993,-29994,-29995,-29996]} 1. e4 c5 2. Nf3 d6 3. d4 cxd4 4. Nxd4 Nf6 5. Nc3 a6 6. Bc4 e6 7. Nf3 Qc7 8. O-O Qxc4 9. Nd2 Qc7 10. Nb3 Be7 11. Qf3 Nbd7 12. Qg3 b5 13. Be3 Bb7 14. f3 Ne5 15. f4 Neg4 16. Bd2 h5 17. f5 h4 18. Qd3 Qb6+ 19. Kh1 Nf2+ 20. Rxf2 Qxf2 21. Rf1 Qb6 22. Be3 Qc7 23. a4 b4 24. Na2 a5 25. Nd4 Ba6 26. Nb5 Qc6 27. c3 Nxe4 28. cxb4 h3 29. bxa5 hxg2+ 30. Kg1 gxf1=Q+ 31. Qxf1 Ng3 32. Nb4 Qh1+ 33. Kf2 Qxf1+ 0-1

[Event "OPEN 2026"]
[Site "SAINT DENIS LA REUNION"]
[Date "2026.01.10"]
[Round "3.15"]
[Board "15"]
[White "Firoaguer, Baptiste"]
[Black "Riviere, Thomas"]
[Result "1/2-1/2"]
[WhiteElo "1541"]
[BlackElo "1299"]
[Annotator "thier"]
[PlyCount "115"]
[GameId "2265132231454979"]
[EventDate "2026.??.??"]
[WhiteTeam "La Tour Saint Pierroise"]
[BlackTeam "Jeu d'Echecs Dann Trois Bassins"]

{[%evp 0,86,19,38,18,25,18,7,8,7,-1,-7,3,-12,0,-3,26,26,84,83,130,77,93,97,75,75,122,131,225,205,276,291,290,287,287,294,319,334,347,217,217,172,172,121,125,125,123,123,123,113,114,105,119,119,136,136,140,143,154,150,188,196,194,149,147,147,222,230,361,371,397,384,403,429,560,525,772,965,1008,835,1147,422,803,528,1361,1373,1171,1262,1503]} 1. e4 e5 2. Nf3 Nc6 3. d4 exd4 4. Nxd4 Nf6 5. Nxc6 bxc6 6. Nd2 d5 7. exd5 Qe7+ 8. Be2 Nxd5 9. O-O Qd6 10. Nc4 Qf6 11. Re1 Be7 12. Bf3 Be6 13. Ne5 O-O 14. Nxc6 Nb4 15. Nxe7+ Qxe7 16. Bxa8 Rxa8 17. Bd2 Nc6 18. Qf3 Qd7 19. Rad1 Bg4 20. Bc3 Qxd1 21. Qxd1 Bxd1 22. Rxd1 Rd8 23. Rxd8+ Nxd8 24. Ba5 Ne6 25. Kf1 c6 26. Ke2 Nf4+ 27. Kf3 Ne6 28. Ke4 Nc5+ 29. Kd4 Ne6+ 30. Ke5 Nc5 31. Bd2 f6+ 32. Kd4 Ne6+ 33. Kc4 Nc7 34. Kc5 Ne6+ 35. Kxc6 Nd4+ 36. Kb7 a5 37. Bxa5 Nxc2 38. Bc3 Kf7 39. Kc6 Ke6 40. Kc5 Kf5 41. Kc4 Ke4 42. a4 f5 43. a5 f4 44. a6 f3 45. g3 Ne3+ 46. fxe3 f2 47. a7 f1=Q+ 48. Kc5 Qf8+ 49. Kb6 Qd6+ 50. Kb7 Qd7+ 51. Kb8 Qb5+ 52. Kc7 Qa6 53. Bd4 Qa5+ 54. Kb8 Qd8+ 55. Kb7 Qd5+ 56. Kb8 Qb5+ 57. Kc7 Qa6 58. Kb8 1/2-1/2

[Event "OPEN 2026"]
[Site "SAINT DENIS LA REUNION"]
[Date "2026.01.10"]
[Round "3.16"]
[Board "16"]
[White "Blancard, Romuald"]
[Black "Frison, Jacques"]
[Result "1-0"]
[WhiteElo "1399"]
[BlackElo "1533"]
[PlyCount "45"]
[GameId "2265128980279541"]
[EventDate "2026.??.??"]
[WhiteTeam "La Tour Saint Pierroise"]
[BlackTeam "La Tour Saint Pierroise"]

{[%evp 0,45,41,28,19,18,24,25,26,22,39,24,20,25,43,-5,10,1,12,-10,6,31,173,193,209,159,202,169,167,184,184,138,241,162,241,253,252,232,349,343,727,727,1495,1415,1786,1776,2719,3192]} 1. d4 d5 2. Nf3 Nf6 3. Bf4 c5 4. e3 e6 5. Nbd2 Nc6 6. c3 Be7 7. Ne5 Nxe5 8. dxe5 Nd7 9. h4 Bxh4 10. Qg4 Be7 11. Qxg7 Rf8 12. Qxh7 c4 13. Bh6 Nxe5 14. Bxf8 Bxf8 15. O-O-O Qa5 16. Kb1 b5 17. Qg8 b4 18. Rh8 Ng6 19. Rh7 Ne5 20. Nf3 bxc3 21. Nxe5 c2+ 22. Kxc2 Qa4+ 23. Kc1 1-0

[Event "OPEN 2026"]
[Site "SAINT DENIS LA REUNION"]
[Date "2026.01.10"]
[Round "3.17"]
[Board "17"]
[White "Hoareau, Theo"]
[Black "Fleurie, Frederic"]
[Result "0-1"]
[WhiteElo "1399"]
[BlackElo "1499"]
[Annotator "thier"]
[PlyCount "94"]
[GameId "2265154580640086"]
[EventDate "2026.??.??"]
[WhiteTeam "Club Echiquier du Nord"]
[BlackTeam "Club Echiquier du Nord"]

{[%evp 0,14,16,27,41,58,62,72,61,61,61,52,60,68,64,-67,32]} 1. e4 d5 2. exd5 Qxd5 3. Nc3 Qa5 4. d4 Nf6 5. Bc4 Bg4 6. f3 Bd7 7. Bd2 c6 8. Qe2 e6 9. Qe5 Qxe5+ 10. dxe5 Nd5 11. a3 Bc5 12. Nge2 O-O 13. Ne4 Bb6 14. N2c3 Bc7 15. Nd6 Bxd6 16. exd6 Rd8 17. O-O-O Be8 18. g4 b5 19. Nxd5 cxd5 20. Bd3 Rxd6 21. h4 Rb6 22. f4 a5 23. Be3 Rb7 24. f5 e5 25. Be2 d4 26. Bf3 Bc6 27. Bxc6 Nxc6 28. Bf2 f6 29. g5 fxg5 30. hxg5 Rf8 31. f6 gxf6 32. gxf6 Rxf6 33. Bh4 Rg6 34. c3 Rg4 35. Rde1 d3 36. Bf6 e4 37. Rhg1 Rxg1 38. Rxg1+ Kf8 39. Kd2 Rf7 40. Bd4 Nxd4 41. cxd4 Rf2+ 42. Ke3 Re2+ 43. Kf4 d2 44. Rd1 e3 45. Rf1 Rf2+ 46. Kxe3 Rxf1 47. Kxd2 h5 0-1

[Event "OPEN 2026"]
[Site "SAINT DENIS LA REUNION"]
[Date "2026.01.10"]
[Round "3.18"]
[Board "18"]
[White "Mungroo, Arvind"]
[Black "Ahounkeng-Deudin, Anae"]
[Result "1-0"]
[WhiteElo "1438"]
[BlackElo "1299"]
[PlyCount "107"]
[GameId "2265146985914551"]
[EventDate "2026.??.??"]
[BlackTeam "Le Petit Cavalier"]

1. d4 d5 2. Nf3 Nc6 3. g3 Nf6 4. Bg2 Bf5 5. c4 dxc4 6. O-O h6 7. Na3 e6 8. Nxc4 Bd6 9. a3 O-O 10. Nxd6 cxd6 11. Qb3 Rb8 12. Rd1 Qc7 13. Bf4 Qe7 14. a4 e5 15. dxe5 dxe5 16. Be3 Be6 17. Qc3 Nd5 18. Qa3 Qxa3 19. Rxa3 Ra8 20. Ne1 Nde7 21. Bc5 Rfe8 22. Nc2 Nc8 23. Nb4 Nxb4 24. Bxb4 f6 25. Rad3 Nb6 26. a5 Na4 27. R1d2 Rab8 28. Ra3 b5 29. axb6 Nxb6 30. Rxa7 Nc8 31. Rb7 Rxb7 32. Bxb7 Na7 33. Bc5 Nc8 34. Bc6 Na7 35. Bxe8 Bh3 36. Bxa7 Kh7 37. Bd7 f5 38. e4 g6 39. b4 Kg7 40. b5 Kf6 41. f3 Kg5 42. Be3+ Kh5 43. exf5 Bxf5 44. Bxf5 gxf5 45. Rd5 Kg6 46. Rxe5 Kf6 47. Bf4 Kg6 48. Re6+ Kf7 49. Rd6 Kg7 50. b6 Kf7 51. b7 Kf8 52. Rd7 Ke8 53. Rc7 Kf8 54. b8=Q# 1-0

[Event "OPEN 2026"]
[Site "SAINT DENIS LA REUNION"]
[Date "2026.01.10"]
[Round "3.19"]
[Board "19"]
[White "Maunier, Smita"]
[Black "Gomez, Antoine"]
[Result "0-1"]
[WhiteElo "1299"]
[BlackElo "1755"]
[Annotator "thier"]
[PlyCount "58"]
[GameId "2265125623521361"]
[EventDate "2026.??.??"]
[WhiteTeam "Echiquier du Lagon - Ass Ecole du Lagon"]
[BlackTeam "Club Echiquier du Nord"]

{[%evp 0,27,27,23,23,21,79,68,58,56,98,120,124,75,165,161,161,114,110,3,183,-168,-179,-247,-214,-255,-134,-525,-525,-959]} 1. e4 e5 2. Nc3 f5 3. exf5 Nf6 4. Nf3 e4 5. Ng5 d5 6. d3 Bxf5 7. dxe4 Bxe4 8. f3 Bg6 9. Be3 c5 10. Nxd5 Nxd5 11. Bd2 Be7 12. Qe2 Nc7 13. O-O-O O-O 14. Qf2 Bxg5 15. Bc4+ Kh8 16. Rhe1 Nd7 17. Kb1 Bxd2 18. Rxd2 b5 19. Bb3 c4 20. Re3 cxb3 21. Rxb3 Qe7 22. Qe2 Rfe8 23. Kc1 Qxe2 24. Rxe2 Rxe2 25. Rc3 Nd5 26. Rb3 Rxc2+ 27. Kd1 Rac8 28. Rxb5 Rc1+ 29. Ke2 R8c2# 0-1

[Event "OPEN 2026"]
[Site "SAINT DENIS LA REUNION"]
[Date "2026.01.10"]
[Round "3.20"]
[Board "20"]
[White "Outin, Inoa"]
[Black "Belin, Jahlanne"]
[Result "0-1"]
[WhiteElo "1299"]
[BlackElo "1299"]
[Annotator "thier"]
[PlyCount "52"]
[GameId "2265133919654173"]
[EventDate "2026.??.??"]
[WhiteTeam "Echiquier du Lagon - Ass Ecole du Lagon"]
[BlackTeam "Le Petit Cavalier"]

{[%evp 0,52,19,31,19,-11,-10,13,35,7,65,-36,-17,-17,-10,-54,-10,1,0,-20,3,-12,42,38,19,-1,-5,-25,-26,-96,-115,-259,-236,-258,-194,-236,-228,-248,-248,-263,-263,-263,-284,-275,-152,-1158,-425,-477,-427,-397,-209,-29977,-29978,-29979,-29980]} 1. d4 d5 2. c4 Nf6 3. Nf3 Bf5 4. Nc3 e6 5. Bf4 Bb4 6. Qa4+ Nc6 7. a3 Bd6 8. Bxd6 cxd6 9. e3 O-O 10. Nh4 Bg6 11. Nxg6 fxg6 12. Bd3 Ng4 13. Be2 Nxf2 14. Rf1 Qh4 15. g3 Qxh2 16. Kd2 Qxg3 17. Rg1 Qh4 18. cxd5 exd5 19. Nxd5 Ne4+ 20. Kc2 Rf2 21. Rae1 Rc8 22. Kd3 Ng3 23. Qb3 Qe4+ 24. Kd2 Na5 25. Qd1 Nc4+ 26. Kc3 Nxe3+ 0-1

[Event "OPEN 2026"]
[Site "SAINT DENIS LA REUNION"]
[Date "2026.01.10"]
[Round "3.21"]
[Board "21"]
[White "Boutin-Moreau, Mael"]
[Black "Jauze, Arthur"]
[Result "1-0"]
[WhiteElo "1299"]
[BlackElo "1299"]
[Annotator "thier"]
[PlyCount "99"]
[GameId "2265142197014654"]
[EventDate "2026.??.??"]
[WhiteTeam "Club Echiquier du Nord"]
[BlackTeam "Les Roys de l'Est"]

{[%evp 0,99,19,27,26,14,26,-4,41,-17,5,37,-3,12,30,66,106,139,131,101,128,104,104,110,97,95,232,106,106,98,99,84,84,91,96,-15,64,51,57,51,65,60,52,-237,-233,-995,-174,-186,-127,-129,-126,-159,-152,-178,-178,-178,-178,-180,-167,-200,-180,-214,-208,-208,-197,-190,-190,-196,-150,-155,-65,-60,-41,-41,-41,-41,738,771,779,782,818,823,862,812,848,675,800,829,972,999,1376,850,934,1171,1187,1309,1588,1554,1588,1700,29977,29978]} 1. Nf3 d5 2. d4 Bf5 3. c4 e6 4. Nc3 Nf6 5. cxd5 exd5 6. Bg5 Be7 7. Qb3 b6 8. Bxf6 Bxf6 9. Nxd5 Nd7 10. Nxf6+ Qxf6 11. e3 c5 12. Bb5 cxd4 13. Nxd4 O-O 14. O-O Nc5 15. Qd5 Be4 16. Qh5 a6 17. b4 Ne6 18. Nxe6 Qxe6 19. Be2 Rfc8 20. a3 Rc2 21. Rfc1 g6 22. Bg4 f5 23. Bxf5 Qxf5 24. Qxf5 Bxf5 25. Rd1 Re8 26. Rd6 Re6 27. Rd8+ Kg7 28. h3 Rec6 29. Rdd1 Kf6 30. g4 Be6 31. Kg2 Ke5 32. Kg3 g5 33. f4+ gxf4+ 34. exf4+ Ke4 35. Re1+ Kd5 36. Rad1+ Kc4 37. Rc1 Rc3+ 38. Rxc3+ Kxc3 39. Rc1+ Kb3 40. Rxc6 Bc4 41. Rxb6 Kxa3 42. Rh6 Kxb4 43. Rxh7 a5 44. f5 a4 45. Ra7 a3 46. f6 a2 47. g5 Kc3 48. g6 Kb2 49. f7 Bxf7 50. gxf7 1-0

[Event "OPEN 2026"]
[Site "SAINT DENIS LA REUNION"]
[Date "2026.01.10"]
[Round "4.1"]
[Board "1"]
[White "De Peindray D'Ambell, Philippe"]
[Black "Francou, Yvon-Johann"]
[Result "1-0"]
[WhiteElo "1942"]
[BlackElo "1795"]
[PlyCount "81"]
[GameId "2265528483148265"]
[EventDate "2026.??.??"]
[WhiteTeam "Club d'Echecs Labourdonnais"]
[BlackTeam "Les Fous de Sin Dni"]

1. c4 c5 2. g3 Nf6 3. Bg2 d5 4. cxd5 Nxd5 5. Nc3 Nc7 6. Nf3 Nc6 7. d3 e5 8. Be3 Be7 9. Ne4 Ne6 10. O-O Bd7 11. Rc1 b6 12. Ned2 O-O 13. Nc4 f6 14. a4 Rb8 15. Qb3 Kh8 16. Rfe1 Nc7 17. Nfd2 a6 18. Qa2 Nb4 19. Qa1 b5 20. Na3 Ne6 21. Ne4 Nd4 22. Bxd4 cxd4 23. axb5 axb5 24. Nc2 Qb6 25. Nxb4 Bxb4 26. Red1 h6 27. Nd2 Be6 28. Rc6 Qxc6 29. Bxc6 Rfc8 30. Bg2 Rc2 31. Nf1 Rbc8 32. Qa6 Bd7 33. Qb7 R8c7 34. Qa8+ Rc8 35. Qd5 Bg4 36. f3 Bh5 37. Bh3 R8c5 38. Qd8+ Kh7 39. Be6 Rc7 40. Qg8+ Kg6 41. h4 1-0

[Event "OPEN 2026"]
[Site "SAINT DENIS LA REUNION"]
[Date "2026.01.10"]
[Round "4.2"]
[Board "2"]
[White "Duprey, Francois-Xavier"]
[Black "Ramsamy, Alexandre"]
[Result "0-1"]
[WhiteElo "1709"]
[BlackElo "1961"]
[PlyCount "52"]
[GameId "2265503285854379"]
[EventDate "2026.??.??"]
[WhiteTeam "Cergy Philidor"]
[BlackTeam "Les Fous de Sin Dni"]

1. c4 e5 2. g3 Nf6 3. Bg2 Nc6 4. Nc3 Bb4 5. e3 Bxc3 6. bxc3 O-O 7. d4 e4 8. Ne2 d6 9. h3 Re8 10. O-O Ne7 11. Ba3 c6 12. Rb1 b6 13. Nc1 Ng6 14. Nb3 Be6 15. Nd2 d5 16. cxd5 cxd5 17. Qa4 Qc8 18. Rfc1 Bxh3 19. c4 Bxg2 20. Kxg2 Qg4 21. Qd1 Nh4+ 22. Kf1 Nf3 23. cxd5 Nxd5 24. Rb5 Qh5 25. Kg2 Nxe3+ 26. fxe3 Qh2+ 0-1

[Event "OPEN 2026"]
[Site "SAINT DENIS LA REUNION"]
[Date "2026.01.10"]
[Round "4.3"]
[Board "3"]
[White "Dujardin, Amaury"]
[Black "Mezouaghi, Miloud"]
[Result "0-1"]
[WhiteElo "1877"]
[BlackElo "1955"]
[PlyCount "78"]
[GameId "2265527636820443"]
[EventDate "2026.??.??"]
[WhiteTeam "Echiquier du Lagon - Ass Ecole du Lagon"]
[BlackTeam "Echiquier du Lagon - Ass Ecole du Lagon"]

1. e4 c5 2. Nf3 d6 3. d4 cxd4 4. Nxd4 Nf6 5. Nc3 a6 6. f3 e5 7. Nb3 Be6 8. Be3 Nbd7 9. Qd2 h5 10. Nd5 Nxd5 11. exd5 Bf5 12. O-O-O Be7 13. Bd3 Bxd3 14. Qxd3 Qc7 15. Kb1 Rc8 16. Rc1 Qc4 17. Qxc4 Rxc4 18. Nd2 Rc7 19. Ne4 b5 20. b3 f5 21. Ng5 Bxg5 22. Bxg5 Kf7 23. Kb2 Rhc8 24. c3 Rc5 25. Rhd1 Nf6 26. Bxf6 Kxf6 27. Rd3 g5 28. a4 bxa4 29. b4 Rc4 30. Ra1 e4 31. fxe4 fxe4 32. Re3 a5 33. Rxa4 axb4 34. Rxb4 Rxb4+ 35. cxb4 Ke5 36. Rb3 Kd4 37. b5 e3 38. b6 e2 39. b7 Rb8 0-1

[Event "OPEN 2026"]
[Site "SAINT DENIS LA REUNION"]
[Date "2026.01.10"]
[Round "4.4"]
[Board "4"]
[White "Lutard, Florian"]
[Black "Bah, Ismael"]
[Result "1-0"]
[WhiteElo "2067"]
[BlackElo "1751"]
[PlyCount "49"]
[GameId "2265498550046863"]
[EventDate "2026.??.??"]
[WhiteTeam "Le Petit Cavalier"]
[BlackTeam "Cergy Philidor"]

1. d4 Nf6 2. c4 g6 3. Nc3 Bg7 4. e4 d6 5. Nf3 a6 6. Be2 Nc6 7. d5 Nb8 8. O-O Nbd7 9. Be3 O-O 10. Rc1 b6 11. Nd4 Bb7 12. b4 Nb8 13. Nb3 e5 14. c5 bxc5 15. bxc5 a5 16. f3 Ne8 17. Nb5 c6 18. dxc6 Bxc6 19. Nxd6 Nc7 20. Bc4 Qe7 21. Qd2 a4 22. Na5 Qd7 23. Nxc6 Nxc6 24. Nxf7 Rxf7 25. Qxd7 1-0